[Event "HUN-chT2 Erkel 1112"]
[Site "Hungary"]
[Date "2012.05.20"]
[Round "11.8"]
[White "Nadasi, Balazs"]
[Black "Sandor, Jozsef"]
[Result "1-0"]
[WhiteElo "2126"]
[BlackElo "2063"]
[PlyCount "91"]
[EventDate "2011.09.25"]
[EventType "team-tourn"]
[EventRounds "11"]
[EventCountry "HUN"]
[SourceTitle "EXT 2013"]
[Source "ChessBase"]
[SourceDate "2012.11.22"]
[SourceVersion "1"]
[SourceVersionDate "2012.11.22"]
[SourceQuality "1"]
[WhiteTeam "Sarkany"]
[BlackTeam "MAFC"]
[WhiteTeamCountry "HUN"]
[BlackTeamCountry "HUN"]

1. e4 d6 2. d4 Nf6 3. Nc3 e5 4. Nge2 Nc6 5. f3 Be7 6. Be3 a6 7. Qd2 Bd7 8. g4 h6 9. d5 Na7 10. Ng3 Nh7 11. 0-0-0 Bg5 12. Bxg5 hxg5 13. Nf5 Qf6 14. Be2 g6 15. Ne3 Nb5 16. Nxb5 axb5 17. Kb1 Qf4 18. Qd3 0-0 19. Ng2 Qf6 20. h4 gxh4 21. Rxh4 Ng5 22. Rdh1 Kg7 23. Qc3 c6 24. f4 exf4 25. Rh7+ Nxh7 26. Rxh7+ Kxh7 27. Qxf6 cxd5 28. exd5 Rae8 29. Bd3 f3 30. Qxf3 Re5 31. b3 Kg7 32. Qf4 Rxd5 33. g5 Re8 34. Qf6+ Kg8 35. Nf4 Rde5 36. Kb2 Bf5 37. Bxb5 Rxb5 38. Qxd6 Be6 39. a4 Rf5 40. Nxe6 Rxe6 41. Qb8+ Kg7 42. Qxb7 Rxg5 43. b4 Rge5 44. a5 g5 45. a6 Re7 46. Qb8 1-0

[Event "HUN-chT2 Erkel 1112"]
[Site "Hungary"]
[Date "2012.03.25"]
[Round "8.8"]
[White "Sandor, Jozsef"]
[Black "Sillye, Kalman"]
[Result "1-0"]
[WhiteElo "2063"]
[BlackElo "2120"]
[PlyCount "109"]
[EventDate "2011.09.25"]
[EventType "team-tourn"]
[EventRounds "11"]
[EventCountry "HUN"]
[SourceTitle "EXT 2013"]
[Source "ChessBase"]
[SourceDate "2012.11.22"]
[SourceVersion "1"]
[SourceVersionDate "2012.11.22"]
[SourceQuality "1"]
[WhiteTeam "MAFC"]
[BlackTeam "Foti"]
[WhiteTeamCountry "HUN"]
[BlackTeamCountry "HUN"]

1. Nf3 c5 2. c3 d5 3. d4 Nc6 4. dxc5 a5 5. e4 e6 6. exd5 Qxd5 7. Qxd5 exd5 8. Be3 Nf6 9. Na3 Be6 10. Nb5 0-0-0 11. Nbd4 Ne4 12. Ng5 Nxg5 13. Bxg5 Re8 14. Nxc6 Bd7+ 15. Ne7+ Bxe7 16. Bxe7 Rxe7+ 17. Kd2 Kc7 18. Bd3 Kc6 19. Rhe1 Rxe1 20. Rxe1 Be6 21. b4 Ra8 22. a3 axb4 23. axb4 h6 24. Ke3 Ra2 25. Re2 Ra1 26. h4 Rd1 27. Rd2 Rh1 28. g3 Ra1 29. Kd4 Ra4 30. Rb2 b6 31. cxb6 Kxb6 32. c4 dxc4 33. Bxc4 Bxc4 34. Kxc4 Ra7 35. Rd2 Rc7+ 36. Kb3 Re7 37. Rd6+ Kb5 38. Rd5+ Kc6 39. Rf5 Kb6 40. Kc4 Rc7+ 41. Kd4 Rd7+ 42. Ke4 Kc6 43. Rc5+ Kb6 44. Re5 Kc6 45. b5+ Kb6 46. h5 Kc7 47. g4 Kb6 48. f4 Ra7 49. Kf5 Rd7 50. g5 Rd6 51. Re7 Rd5+ 52. Kg4 hxg5 53. fxg5 Rd1 54. Rxf7 Rg1+ 55. Kf5 1-0